01097 2200313 4500001002100000005001500021035002000036007000300056008004100059020002200100040002200122082001400144084001600158245014300174650001200317850001200329264004400341336002100385337002300406338003800429300003100467856007600498852002000574500006900594100004200663504003400705990002200739990002200761INLIS00000000086681020211115104835 a0010-1121000891ta210705s2013 jki fs ind d a978-602-02-1208-1 aYOPDYOGbinderda04223a297.4 a297.4 MUH r10aRahasia hidup makrifat, selalu bersama Allah :bteduhkan hati dengan zikrullah, rahasia makrifat diri manusia illahi /cMuhammad Sholikhin 4aTasawuf aYOPDYOG31aJakarta :bElex Media Komputindo,c2013 2rdacontentateks 2rdamediaakomputer 2rdacarrierasumber sambung jaring a1 berkas komputer (4,2 MB)40nPerpustakaan Digital iJogjauhttp://ijogja.id /publications/books/204138 aaplikasi iJogja aUntuk mengakses buku ini silakan unduh aplikasi http://ijogja.id0 aMuhammad Sholikhin,d1972-epengarang aBibliografi : halaman 269-275 a001683-EPD/B.2017 a001684-EPD/B.2017